| 000 | 01769nam a2200337 ia4500 | ||
|---|---|---|---|
| 003 | OSt | ||
| 005 | 20231025112904.0 | ||
| 008 | 231025t20232023si a jr 000 1 eng d | ||
| 020 |
_a9789811253423 _cRM 33.37 _qpaperback |
||
| 040 |
_aPPAK _beng _cPPAK _erda |
||
| 082 | 0 | 4 |
_a005.1 _223 |
| 090 | 0 | 0 |
_a005.1 _bGRE _dK |
| 100 | 1 |
_aGrellen, _eauthor |
|
| 245 | 1 | 0 |
_aMORNING MARKET MADNESS : _bCODING WITH CODY. _n1. _pLogical sequencing and functions / _cGrellen ; Illustrated by Tan Si Qi. |
| 246 | 3 | 3 |
_aCoding with Cody. _n1. Logical sequencing and functions |
| 246 | 3 | 3 | _aLogical sequencing and functions |
| 264 | 1 |
_aSingapore : _bWS Education, _c[2023] |
|
| 264 | 4 | _c©2023 | |
| 300 |
_a31 pages : _bcolour illustrations ; _c26 cm |
||
| 336 |
_atext _2rdacontent |
||
| 336 |
_astill image _2rdacontent |
||
| 337 |
_aunmediated _2rdamedia |
||
| 338 |
_avolume _2rdacarrier |
||
| 490 | 1 | _aI'm a little scientist! | |
| 520 | _aIt's Lily's birthday today and she's received a very special present - Cody the Robot! Cody soon proves that he can help out with a lot of things, as long as Lily uses code to teach him step by step. For his first outing, Mum takes Lily and Cody to the market to buy groceries, where they will have to break down their tasks so Cody can get the job done! Will they succeed?The Coding with Cody series introduces fundamental coding concepts to kids. Morning Market Madness teaches the basics of logical sequencing for actions to be carried out. Join Lily and Cody on their first adventure with code! | ||
| 650 | 1 | 0 |
_aCoding theory _vJuvenile literature |
| 650 | 2 | 0 |
_aComputer programming _vJuvenile literature |
| 700 | 1 |
_aTan, Si Qi, _eillustrator |
|
| 830 | 0 | _aI'm a little scientist! | |
| 942 |
_2ddc _cB |
||
| 999 |
_c193447 _d193447 |
||